000 00507nam a22001577a 4500
003 OSt
005 20250623053118.0
008 250623b |||||||| |||| 00| 0 eng d
020 _a978-621-406-191-4
040 _aDWCL - Main lib
_cOC
082 _aFil. 490.75 M311p 2018
245 _aPagbasa at pagsuri ng iba't ibang teksto tungo sa pananaliksik/
260 _aManila, Philippines :
_b Mindshapers co. inc,
_cc2018.
300 _ax, 256 pages :
_b illustrations ;
_c25cm.
942 _2ddc
_cBK - FIL
_kFil.
_n0
999 _c3236
_d3236